| 000 | 00867nam a22002177a 4500 | ||
|---|---|---|---|
| 999 |
_c59302 _d59302 |
||
| 005 | 20230116123428.0 | ||
| 008 | 230116s2021ge xxu||||| |||| 00| 0 ger d | ||
| 020 | _a 9783126071710 X | ||
| 041 | _ager | ||
| 080 | _a811.112.1 N-46 | ||
| 245 |
_aNetzwerk neu B1.2 _bKurs- und Ubungsbuch : mit Audios und Videos / _cStefanie Dengler, Paul Rusch, Helen Schmitz, Tanja Sieber |
||
| 264 |
_aStuttgart : _bErnst Klett Sprachen, _c 2021. |
||
| 300 |
_a176 p.: _b Illust ; _c28 cm. |
||
| 653 | _aNetzwerk neu B1.2Kurs- und Ubungsbuch : mit Audios und Videos | ||
| 653 | _a გერმანული ენის ახალი კურსი და სავარჯიშო წიგნი | ||
| 700 |
_aDengler, Stefanie _916676 |
||
| 700 |
_a Rusch, Paul _916677 |
||
| 700 |
_aSchmitz, Helen _916678 |
||
| 700 |
_aSieber, Tanja _916679 |
||
| 942 |
_2udc _cBK |
||